| 000 | 00786nam a22002417a 4500 | ||
|---|---|---|---|
| 999 |
_c106646 _d106646 |
||
| 005 | 20200212154115.0 | ||
| 010 | _aA-681956 | ||
| 020 | _c80.00 | ||
| 035 | _aA-681956 | ||
| 037 | _bCen Lib/Ret | ||
| 082 | _a841.08 | ||
| 100 | _aکالی داس گپتا رِضا | ||
| 245 |
_aغالب کی بعض تصانیف کے بارے میں / _cکالی داس گپتا رضا |
||
| 246 |
_aGhalib ki baaz tasanif ke Baare mein / _bby Kaali Das Gupta Riza |
||
| 260 |
_aممبئی _bسرکار پبلکشانس _c1990 ء |
||
| 270 |
_bممبئی _aجولی بھوں |
||
| 300 |
_a183p. _c21cm(Hb) |
||
| 650 | _aہندی ادب | ||
| 650 | _aہندی نظم | ||
| 650 | _aHindi literature | ||
| 650 | _aHindi poetry | ||
| 942 |
_2ddc _cUR _h841.08 _mغ ا ل |
||